[Event "GER-ch U12 Girls"]
[Site "Willingen"]
[Date "2023.05.31"]
[Round "6"]
[White "Ramakrishnan, Veda"]
[Black "Roessling, Laura Marie"]
[Result "1-0"]
[WhiteElo "1231"]
[BlackElo "1312"]
[PlyCount "71"]
[EventDate "2023.05.27"]
[EventType "swiss"]
[EventRounds "9"]
[EventCountry "GER"]
[SourceTitle "CBM 214 Extra"]
[Source "ChessBase"]
[SourceDate "2023.07.31"]
[SourceVersion "1"]
[SourceVersionDate "2023.07.31"]
[SourceQuality "1"]

1. d4 d5 2. c4 e6 3. Nc3 Nf6 4. cxd5 exd5 5. Bg5 Be7 6. e3 0-0 7. Bd3 h6 8. Bf4 a6 9. Nge2 Nc6 10. a3 Bg4 11. 0-0 Re8 12. Qc2 Bf8 13. h3 Bxe2 14. Nxe2 Bd6 15. Bxd6 Qxd6 16. Nc3 b5 17. b4 Nd8 18. Nb1 Ne4 19. Nd2 Nxd2 20. Qxd2 Ne6 21. Rfc1 Ng5 22. Rc5 Ne4 23. Bxe4 dxe4 24. Rac1 Ra7 25. Qc2 Re7 26. Rc6 Qd7 27. Qc5 Re6 28. Rxe6 Qxe6 29. Qxa7 Qb3 30. Rxc7 Qe6 31. Rb7 Kh7 32. Rxf7 Qg6 33. Rb7 Qf6 34. Rb6 Qf8 35. Qxa6 Qf7 36. Qxb5 1-0

[Event "GER-ch U12 Girls"]
[Site "Willingen"]
[Date "2023.05.30"]
[Round "4"]
[White "Ramakrishnan, Veda"]
[Black "Czaeczine, Paula"]
[Result "1/2-1/2"]
[WhiteElo "1231"]
[BlackElo "1549"]
[PlyCount "96"]
[EventDate "2023.05.27"]
[EventType "swiss"]
[EventRounds "9"]
[EventCountry "GER"]
[SourceTitle "CBM 214 Extra"]
[Source "ChessBase"]
[SourceDate "2023.07.31"]
[SourceVersion "1"]
[SourceVersionDate "2023.07.31"]
[SourceQuality "1"]

1. d4 d5 2. c4 e6 3. Nc3 c5 4. Nf3 Nc6 5. Bf4 a6 6. dxc5 dxc4 7. Qxd8+ Nxd8 8. e3 Bxc5 9. Bxc4 b5 10. Bd3 Bb7 11. Be4 Nf6 12. Bxb7 Nxb7 13. 0-0 0-0 14. Rfd1 Rfd8 15. Be5 Rac8 16. a3 Bb6 17. Bd4 Bxd4 18. Rxd4 Rxd4 19. Nxd4 Nc5 20. Rd1 Kf8 21. Kf1 Nce4 22. Nxe4 Nxe4 23. f3 Nf6 24. Rd2 Nd5 25. Ke2 g6 26. Rc2 Rxc2+ 27. Nxc2 e5 28. Nb4 Nxb4 29. axb4 Ke7 30. Kd3 Ke6 31. g3 h5 32. g4 f6 33. gxh5 gxh5 34. e4 Kf7 35. Ke3 Kg6 36. f4 Kh6 37. fxe5 fxe5 38. Kf3 Kg6 39. h3 Kf6 40. Kg3 Kg5 41. Kf3 Kg6 42. Kg3 Kf6 43. Kf3 Kg5 44. Kg3 h4+ 45. Kf3 Kh5 46. Kg2 Kg6 47. Kf3 Kg5 48. Ke3 Kg6 1/2-1/2

[Event "GER-chT U12 Girls"]
[Site "Berlin"]
[Date "2022.12.29"]
[Round "7.5"]
[White "Ramakrishnan, Veda"]
[Black "Klymenko, Mariia"]
[Result "1-0"]
[WhiteElo "1142"]
[BlackElo "996"]
[PlyCount "57"]
[EventDate "2022.12.26"]
[EventType "team-swiss"]
[EventRounds "7"]
[EventCountry "GER"]
[SourceTitle "EXT 2024"]
[Source "ChessBase"]
[SourceDate "2023.10.10"]
[SourceVersion "1"]
[SourceVersionDate "2023.10.10"]
[SourceQuality "1"]
[WhiteTeam "Bayern Muenchen"]
[BlackTeam "Lichtenberg Borussia"]
[WhiteTeamCountry "GER"]
[BlackTeamCountry "GER"]

1. d4 d5 2. c4 e6 3. Nc3 Nf6 4. cxd5 exd5 5. Bg5 Be7 6. e3 Nc6 7. Bd3 0-0 8. Nge2 Ne4 9. Bxe7 Qxe7 10. Nxd5 Qh4 11. 0-0 Nf6 12. Nxc7 Rb8 13. Nb5 Qg5 14. Nbc3 Bh3 15. Ng3 Be6 16. Nge4 Nxe4 17. Bxe4 Bh3 18. Qf3 Bd7 19. Qg3 Qxg3 20. hxg3 Na5 21. Rac1 Nc4 22. Rc2 Rfe8 23. Bd3 Rbc8 24. Rfc1 Nd6 25. Ne2 Rxc2 26. Rxc2 Ne4 27. Bxe4 Rxe4 28. Rc7 Re7 29. Rxb7 1-0

[Event "GER-chT U12 Girls"]
[Site "Berlin"]
[Date "2022.12.27"]
[Round "2"]
[White "Fettan, Nua"]
[Black "Ramakrishnan, Veda"]
[Result "1/2-1/2"]
[WhiteElo "1103"]
[BlackElo "1142"]
[PlyCount "71"]
[EventDate "2022.12.26"]
[EventType "team-swiss"]
[EventRounds "7"]
[EventCountry "GER"]
[SourceTitle "CBM 212 Extra"]
[Source "ChessBase"]
[SourceDate "2023.03.31"]
[SourceVersion "1"]
[SourceVersionDate "2023.03.31"]
[SourceQuality "1"]
[WhiteTeam "Blankenese"]
[BlackTeam "Bayern Muenchen"]
[WhiteTeamCountry "GER"]
[BlackTeamCountry "GER"]

1. e4 c6 2. Nc3 d5 3. d4 dxe4 4. Nxe4 Nf6 5. Nxf6+ exf6 6. Nf3 Bg4 7. Be2 Be7 8. Be3 0-0 9. 0-0 Nd7 10. h3 Bh5 11. Nh4 Bg6 12. Nxg6 fxg6 13. Bc4+ Kh8 14. Re1 Nb6 15. Bb3 Qc7 16. Qf3 Bd6 17. g3 Rfe8 18. c4 Bb4 19. Re2 Qd7 20. Rd1 Qxh3 21. a3 Ba5 22. Ba2 Nd7 23. b4 Bc7 24. Rde1 Re7 25. Bf4 Ne5 26. dxe5 fxe5 27. Bxe5 Bxe5 28. Rxe5 Rxe5 29. Rxe5 Qd7 30. c5 Rd8 31. Re6 Qd2 32. Bb3 Qc1+ 33. Kg2 Qxa3 34. Qf7 Qxb3 35. Re8+ Rxe8 36. Qxe8+ 1/2-1/2

[Event "GER-chT U12 Girls"]
[Site "Berlin"]
[Date "2022.12.27"]
[Round "3"]
[White "Ramakrishnan, Veda"]
[Black "Hladeniuk, Yelyzaveta"]
[Result "1-0"]
[WhiteElo "1142"]
[BlackElo "1146"]
[PlyCount "53"]
[EventDate "2022.12.26"]
[EventType "team-swiss"]
[EventRounds "7"]
[EventCountry "GER"]
[SourceTitle "CBM 212 Extra"]
[Source "ChessBase"]
[SourceDate "2023.03.31"]
[SourceVersion "1"]
[SourceVersionDate "2023.03.31"]
[SourceQuality "1"]
[WhiteTeam "Bayern Muenchen"]
[BlackTeam "Paderborn Akademie"]
[WhiteTeamCountry "GER"]
[BlackTeamCountry "GER"]

1. d4 Nf6 2. c4 e6 3. a3 d5 4. e3 c5 5. Nc3 b6 6. Bd3 Bb7 7. Nf3 Be7 8. 0-0 0-0 9. Re1 Nc6 10. Qe2 Bd6 11. dxc5 bxc5 12. Nb5 Ne5 13. Nxd6 Qxd6 14. Nxe5 Qxe5 15. Bd2 Rab8 16. Bc3 d4 17. exd4 Qxe2 18. Bxe2 cxd4 19. Bxd4 Bc6 20. b4 Rfc8 21. Bxa7 Ra8 22. Bd4 Ba4 23. Bf3 Ra6 24. Bb7 Rac6 25. Bxc8 Rxc8 26. Bxf6 gxf6 27. c5 1-0

[Event "GER-chT U12 Girls"]
[Site "Willingen"]
[Date "2022.08.16"]
[Round "7.4"]
[White "Ramakrishnan, Veda"]
[Black "Abram, Kristina Maria"]
[Result "1-0"]
[WhiteElo "1333"]
[BlackElo "1128"]
[PlyCount "51"]
[EventDate "2022.08.13"]
[EventType "team-swiss"]
[EventRounds "7"]
[EventCountry "GER"]
[SourceTitle "EXT 2023"]
[Source "ChessBase"]
[SourceDate "2022.10.05"]
[SourceVersion "1"]
[SourceVersionDate "2022.10.05"]
[SourceQuality "1"]
[WhiteTeam "Bayern Muenchen"]
[BlackTeam "Hamburger SK"]
[WhiteTeamCountry "GER"]
[BlackTeamCountry "GER"]

1. e4 d5 2. exd5 Qxd5 3. Nf3 Bg4 4. Be2 Nf6 5. d4 Nc6 6. c4 Qd7 7. d5 Bxf3 8. Bxf3 Ne5 9. b3 Qf5 10. Nd2 Nd3+ 11. Kf1 e5 12. Qe2 Bc5 13. g4 Qg6 14. Ne4 Nf4 15. Bxf4 Nxe4 16. Bxe4 Qf6 17. Be3 Bd6 18. Qf3 Qe7 19. Rc1 0-0 20. c5 Rad8 21. cxd6 Qxd6 22. Bc5 Qa6+ 23. Bd3 Qxa2 24. Bxf8 Rxf8 25. Rxc7 Qxb3 26. Bxh7+ 1-0

[Event "GER-chT U12 Girls"]
[Site "Willingen"]
[Date "2022.08.14"]
[Round "3.3"]
[White "Gerlach, Lorena"]
[Black "Ramakrishnan, Veda"]
[Result "1/2-1/2"]
[WhiteElo "1120"]
[BlackElo "1333"]
[PlyCount "78"]
[EventDate "2022.08.13"]
[EventType "team-swiss"]
[EventRounds "7"]
[EventCountry "GER"]
[SourceTitle "EXT 2023"]
[Source "ChessBase"]
[SourceDate "2022.10.05"]
[SourceVersion "1"]
[SourceVersionDate "2022.10.05"]
[SourceQuality "1"]
[WhiteTeam "Paderborn"]
[BlackTeam "Bayern Muenchen"]
[WhiteTeamCountry "GER"]
[BlackTeamCountry "GER"]

1. d4 d5 2. Nf3 Nf6 3. Bf4 Bf5 4. e3 e6 5. c3 Bd6 6. Bg3 c6 7. Be2 Bxg3 8. hxg3 Nbd7 9. Bd3 Bxd3 10. Qxd3 h6 11. Nbd2 Qb6 12. 0-0-0 0-0-0 13. Kb1 c5 14. dxc5 Nxc5 15. Qd4 Nce4 16. Qxb6 axb6 17. Nxe4 Nxe4 18. Rhf1 Kc7 19. Ne5 Rhf8 20. f3 Nxg3 21. Rf2 f6 22. Ng6 Rf7 23. Nf4 Re8 24. Rc2 b5 25. b3 Rd7 26. c4 dxc4 27. Rxd7+ Kxd7 28. bxc4 bxc4 29. Rxc4 Nf5 30. e4 Nd6 31. Rc3 g5 32. Nh5 Rf8 33. Kb2 f5 34. e5 Nc8 35. Nf6+ Kd8 36. Rd3+ Kc7 37. Rc3+ Kd8 38. Rd3+ Kc7 39. Rc3+ Kd8 1/2-1/2

[Event "GER-ch U10 Girls"]
[Site "Willingen"]
[Date "2022.06.08"]
[Round "6"]
[White "Ramakrishnan, Veda"]
[Black "Stiehler, Mara"]
[Result "1/2-1/2"]
[WhiteElo "1191"]
[BlackElo "1200"]
[PlyCount "86"]
[EventDate "2022.06.04"]
[EventType "swiss"]
[EventRounds "11"]
[EventCountry "GER"]
[SourceTitle "CBM 208 Extra"]
[Source "ChessBase"]
[SourceDate "2022.07.31"]
[SourceVersion "1"]
[SourceVersionDate "2022.07.31"]
[SourceQuality "1"]

1. e4 e6 2. d4 d5 3. exd5 exd5 4. Nf3 Bd6 5. Bd3 Ne7 6. h3 Nbc6 7. 0-0 Be6 8. Re1 Qd7 9. h4 0-0-0 10. Nc3 Bg4 11. Be2 Nf5 12. Nxd5 Bxf3 13. Bxf3 Nxh4 14. c3 Nxf3+ 15. Qxf3 Rhe8 16. Bd2 Rxe1+ 17. Rxe1 Re8 18. Rxe8+ Qxe8 19. Qe3 Qd8 20. Qg5 Qe8 21. Qe3 Qd7 22. Qf3 Qe6 23. a3 Qg6 24. Qd1 Qe4 25. Ne3 Qh4 26. Qg4+ Qxg4 27. Nxg4 Na5 28. Ne3 Nb3 29. Be1 Nc1 30. Kf1 Nd3 31. b4 Nxe1 32. Kxe1 a5 33. Nc4 axb4 34. Nxd6+ cxd6 35. axb4 Kc7 36. d5 Kb6 37. c4 Ka6 38. Kd2 b5 39. c5 Kb7 40. Kc3 Kc7 41. Kd4 Kd7 42. c6+ Kc7 43. Ke4 Kd8 1/2-1/2

[Event "GER-ch U10 Girls"]
[Site "Willingen"]
[Date "2022.06.06"]
[Round "4"]
[White "Yang, Sophie"]
[Black "Ramakrishnan, Veda"]
[Result "1/2-1/2"]
[WhiteElo "1209"]
[BlackElo "1191"]
[PlyCount "40"]
[EventDate "2022.06.04"]
[EventType "swiss"]
[EventRounds "11"]
[EventCountry "GER"]
[SourceTitle "CBM 208 Extra"]
[Source "ChessBase"]
[SourceDate "2022.07.31"]
[SourceVersion "1"]
[SourceVersionDate "2022.07.31"]
[SourceQuality "1"]

1. e4 d5 2. exd5 Qxd5 3. Nc3 Qd8 4. d4 Nf6 5. Nf3 Bg4 6. h3 Bxf3 7. Qxf3 c6 8. Bc4 Qxd4 9. Bb3 e6 10. 0-0 Be7 11. Be3 Qd8 12. Rad1 Qc8 13. Qg3 g6 14. Bh6 Nbd7 15. Qh4 Ng8 16. Qf4 Nxh6 17. Qxh6 Bf8 18. Qe3 Bg7 19. Rd2 0-0 20. Rfd1 Nb6 1/2-1/2

[Event "GER-ch U10 Girls"]
[Site "Willingen"]
[Date "2021.08.24"]
[Round "3"]
[White "Ramakrishnan, Veda"]
[Black "Tu, Audrey"]
[Result "1-0"]
[WhiteElo "1009"]
[BlackElo "913"]
[PlyCount "127"]
[EventDate "2021.08.22"]
[EventType "swiss"]
[EventRounds "11"]
[EventCountry "GER"]
[SourceTitle "EXT 2022"]
[Source "ChessBase"]
[SourceDate "2021.10.06"]
[SourceVersion "1"]
[SourceVersionDate "2021.10.06"]
[SourceQuality "1"]

1. e4 e5 2. f4 d5 3. exd5 exf4 4. Nf3 Nf6 5. Bc4 c6 6. dxc6 Nxc6 7. d4 Bd6 8. Nc3 Bg4 9. 0-0 0-0 10. d5 Ne5 11. Be2 Nxf3+ 12. Bxf3 Bf5 13. Re1 Qb6+ 14. Kh1 Rfe8 15. b3 Qf2 16. Re2 Qb6 17. Bb2 Qa6 18. Qd2 Bg4 19. Rae1 Bxf3 20. gxf3 Bb4 21. a3 Rxe2 22. Rxe2 Re8 23. axb4 Re3 24. Kg2 Rxe2+ 25. Qxe2 Qxe2+ 26. Nxe2 Nxd5 27. c3 Ne3+ 28. Kh3 Nd1 29. Ba1 g5 30. c4 f5 31. b5 Ne3 32. c5 h5 33. Nxf4 gxf4 34. Kh4 b6 35. c6 Nd5 36. Be5 Ne7 37. Kxh5 Kf7 38. Bxf4 Ke6 39. Kg5 a5 40. bxa6 Nc8 41. h4 b5 42. h5 Kf7 43. h6 Kg8 44. Be5 Kh7 45. Kxf5 b4 46. Ke6 Kxh6 47. Kd7 Na7 48. c7 Kg5 49. c8Q Nxc8 50. Kxc8 Kf5 51. a7 Kxe5 52. a8Q Kd4 53. Qe4+ Kc5 54. f4 Kd6 55. Qxb4+ Ke6 56. Qe4+ Kd6 57. f5 Kc5 58. f6 Kd6 59. f7 Kc5 60. f8Q+ Kb5 61. Qc4+ Kb6 62. Qfb4+ Ka7 63. Qc7+ Ka6 64. Qcb6# 1-0

[Event "GER-ch U10 Girls"]
[Site "Willingen"]
[Date "2021.08.23"]
[Round "2"]
[White "Marrufo, Adriana"]
[Black "Ramakrishnan, Veda"]
[Result "0-1"]
[WhiteElo "850"]
[BlackElo "1009"]
[PlyCount "112"]
[EventDate "2021.08.22"]
[EventType "swiss"]
[EventRounds "11"]
[EventCountry "GER"]
[SourceTitle "EXT 2022"]
[Source "ChessBase"]
[SourceDate "2021.10.06"]
[SourceVersion "1"]
[SourceVersionDate "2021.10.06"]
[SourceQuality "1"]

1. e4 e5 2. Nf3 Nc6 3. Bc4 Nf6 4. Ng5 d5 5. exd5 b5 6. Bxb5 Qxd5 7. Bf1 h6 8. Nf3 Bg4 9. Be2 Bc5 10. 0-0 0-0 11. h3 Bh5 12. Nc3 Qd6 13. d3 Rab8 14. Nh2 Bg6 15. Bf3 Nd4 16. Rb1 Rfe8 17. Ne4 Qe7 18. Nxf6+ Qxf6 19. Be4 Red8 20. Bxg6 Qxg6 21. c3 Nb5 22. Qf3 Rxd3 23. Qe2 Nxc3 24. Qxe5 Nxb1 25. Qxc5 Rxh3 26. Qxc7 Rf8 27. Qd7 Rh4 28. Nf3 Rg4 29. g3 Qe4 30. Nh2 Rg6 31. Be3 Qc2 32. Nf3 Qxb2 33. Bd4 Qxa2 34. Ne5 Re6 35. Qc7 Nd2 36. Rd1 Nb3 37. Bc3 a5 38. Qc4 Qc2 39. Rd3 Rxe5 40. Rd7 Rc5 41. Qg4 Qxc3 42. Re7 Qc4 43. Qf3 a4 44. Qd1 Qc1 45. Qxc1 Rxc1+ 46. Kg2 a3 47. Ra7 Ra1 48. Ra6 a2 49. f4 Nc1 50. g4 Rb1 51. g5 a1Q 52. Rxa1 Rxa1 53. gxh6 Ra3 54. hxg7 Rd8 55. f5 Rd2+ 56. Kf1 Nb3 0-1

[Event "GER-ch U10 Girls"]
[Site "Willingen"]
[Date "2021.08.23"]
[Round "1"]
[White "Ramakrishnan, Veda"]
[Black "Rafikova, Ailin"]
[Result "0-1"]
[WhiteElo "1009"]
[BlackElo "1375"]
[PlyCount "78"]
[EventDate "2021.08.22"]
[EventType "swiss"]
[EventRounds "11"]
[EventCountry "GER"]
[SourceTitle "EXT 2022"]
[Source "ChessBase"]
[SourceDate "2021.10.06"]
[SourceVersion "1"]
[SourceVersionDate "2021.10.06"]
[SourceQuality "1"]

1. e4 e5 2. f4 d6 3. Nf3 Nc6 4. Bc4 Bg4 5. h3 Bd7 6. Nc3 Nf6 7. d3 Be7 8. Be3 0-0 9. Qd2 Be6 10. Bb3 Nd7 11. 0-0-0 Bxb3 12. axb3 Nb6 13. g4 exf4 14. Bxf4 a5 15. Be3 Ra6 16. h4 Qd7 17. g5 f6 18. Rdg1 Ne5 19. Qe2 Rfa8 20. h5 f5 21. h6 g6 22. Bd4 Qc8 23. Qh2 Nxf3 24. Qf2 Nxg1 25. Rxg1 c5 26. Be3 a4 27. Qd2 axb3 28. cxb3 Ra1+ 29. Kc2 Rxg1 30. Bxg1 fxe4 31. Nxe4 Qe6 32. Qc3 Qe5 33. Qd2 Nd5 34. Bh2 Qd4 35. Bg3 Ra1 36. Bf2 Nb4+ 37. Qxb4 Qxb4 38. Nc3 Qf4 39. Nd5 Qc1# 0-1

[Event "GER-chT Christmas U20 Girls"]
[Site "Playchess.com INT"]
[Date "2020.12.29"]
[Round "3.4"]
[White "Ramakrishnan, Veda"]
[Black "Weiss, Sara"]
[Result "1-0"]
[WhiteElo "894"]
[BlackElo "783"]
[PlyCount "81"]
[EventDate "2020.12.29"]
[EventType "team-swiss (blitz)"]
[EventRounds "7"]
[EventCountry "GER"]
[SourceTitle "CBM 200 Extra"]
[Source "ChessBase"]
[SourceDate "2021.03.31"]
[SourceVersion "1"]
[SourceVersionDate "2021.03.31"]
[SourceQuality "1"]
[WhiteTeam "Vaterstetten Grasbrunn"]
[BlackTeam "Kelheim"]
[WhiteTeamCountry "GER"]
[BlackTeamCountry "GER"]

1. e4 e5 2. Nf3 d6 3. Nc3 Bg4 4. h3 Bh5 5. Bb5+ c6 6. Bc4 Qa5 7. Nh4 Nf6 8. Nf3 d5 9. Nxe5 dxc4 10. Nf3 Bc5 11. b4 Qd8 12. bxc5 Nbd7 13. g4 Bg6 14. e5 Nd5 15. Ne4 Bxe4 16. d3 Bg6 17. 0-0 0-0 18. Ng5 Nxc5 19. d4 Nd7 20. e6 fxe6 21. Nxe6 Qf6 22. Nxf8 Qf7 23. Nxd7 Qf8 24. Nxf8 Kxf8 25. Re1 Nf4 26. Bxf4 Be4 27. Rxe4 Re8 28. Re5 Rxe5 29. Bxe5 c5 30. Qb1 b6 31. Qb5 cxd4 32. Bxd4 a6 33. Qxa6 b5 34. Qxb5 g5 35. Qxc4 h5 36. gxh5 g4 37. hxg4 Ke7 38. Qa6 Ke8 39. Qa7 Kd8 40. Rb1 Ke8 41. Rb8# 1-0